| 000 | 00413cam a2200181ua 4500 | ||
|---|---|---|---|
| 003 | @ | ||
| 003 | OSt | ||
| 008 | 250110b |||||||| |||| 00| 0 eng d | ||
| 041 | _aeng | ||
| 082 |
_a581 _bDUT/BO |
||
| 100 |
_aDutta, A C . _95985 |
||
| 245 | _aBotany: for degree students | ||
| 250 | _a6th | ||
| 260 |
_aDelhi : _bOxford University Press , _c1985. |
||
| 300 | _a909 ; . | ||
| 650 |
_aBotany _95986 |
||
| 942 | _cBK | ||
| 999 |
_c70 _d70 |
||